000 nam a22 4500
999 _c8972
_d8972
008 180322b ||||| |||| 00| 0 eng d
100 _927031
_aDe Vera, Ellalyn B.
245 _aDENR gains muscle to go after ecological offenders/
_cEllalyn B. De Vera
260 _aPhilippines
_bManila Bulletin
_cc2016
300 _apage 4.
650 0 _927032
_aEnvironmental protection.
942 _2ddc
_cPER